| 000 | 01880cam a2200385 i 4500 | ||
|---|---|---|---|
| 001 | 16602524 | ||
| 003 | EG-ScBUE | ||
| 005 | 20250217092638.0 | ||
| 008 | 110106s2011 ua ab f b 001 0 eng d | ||
| 020 | _a9789774165177 | ||
| 040 |
_aCSt/DLC _beng _erda _cDLC _dDLC _dEG-ScBUE |
||
| 043 | _af-ua--- | ||
| 082 | 0 | 4 |
_a962.04 _222 _bFAH |
| 100 | 1 |
_aFahmy, Ziad _q(Ziad Adel), _eauthor. |
|
| 245 | 1 | 0 |
_aOrdinary Egyptians : _bcreating the modern nation through popular culture, 1870-1919 / _cZiad Fahmy. |
| 264 | 1 |
_aCairo : _bThe American University in Cairo Press, _c2011. |
|
| 300 |
_axvi, 244 pages : _billustrations, map ; _c24 cm |
||
| 336 |
_atext _2rdacontent _btxt |
||
| 337 |
_aunmediated _2rdamedia _bn |
||
| 338 |
_avolume _2rdacarrier _bnc |
||
| 504 | _aIncludes bibliographical references and index. | ||
| 505 | 0 | _aColloquial Egyptian, media capitalism, and nationalism -- Political centralization to cultural centralization -- Print capitalism and the beginnings of colloquial mass culture, 1870-1882 -- New media : laughter, satire, and song, 1882-1908 -- Media capitalism : from mass culture to mass practice, 1907-1919 -- The Egyptian street : carnival, popular culture, and the 1919 revolution. | |
| 650 | 7 |
_aNationalism _zEgypt _xHistory _y19th century. _2BUEsh |
|
| 650 | 7 |
_aNationalism _zEgypt _xHistory _y20th century. _2BUEsh |
|
| 650 | 7 |
_aNational characteristics, Egyptian _xHistory _y19th century. _2BUEsh |
|
| 650 | 7 |
_aNational characteristics, Egyptian _xHistory _y20th century. _2BUEsh |
|
| 650 | 7 |
_aPopular culture _zEgypt _xHistory _y19th century. _2BUEsh |
|
| 650 | 7 |
_aPopular culture _zEgypt _xHistory _y20th century. _2BUEsh |
|
| 653 |
_cFebruary2025 _bMASPPSS |
||
| 655 | _vReading book | ||
| 906 |
_a7 _bcbc _corignew _d1 _eecip _f20 _gy-gencatlg |
||
| 942 |
_2ddc _cBB |
||
| 999 |
_c30895 _d30866 |
||